| 000 | 00588nam a2200193 a 4500 | ||
|---|---|---|---|
| 001 | 3577 | ||
| 005 | 20140414131939.0 | ||
| 008 | 040601s19uu xx 00 eng d | ||
| 020 | _a0-439-08678-7 | ||
| 050 |
_aTR 414 _bSp1 1999 |
||
| 100 | _aSpann, Mary Beth | ||
| 245 |
_aInitial consonants (Grades PreK-2) / _cby Mary Beth Spann. |
||
| 260 |
_aNew York : _bScholastic, _c1999. |
||
| 300 | _a47 p. : ill. ; cm. | ||
| 440 | _aReading Success Mini-Books | ||
| 520 | _a20 interactive mini-books that help every child get. | ||
| 650 |
_aReading _xJuvenile literature. |
||
| 999 |
_c112553 _d112553 |
||